000 00569nam a22002297a 4500
003 UA-OsUOA
001 62635
007 ta
008 20090908b un ||||| |||| 00| 0 ukr d
100 _aПогью Ф. С.
090 _a94(73)
_bП43
942 _cBK
040 _aUA-OsUOA
_brus
_cUA-OsUOA
_dUA-OsUOA
245 _aВерховное командование
300 _a526 с.
955 _a3
041 _arus
080 _a94(73)
260 _aМ.
_c1959
650 7 _a9 Географія. Біографії. Історія
_2UDC
999 _c348724
_d348724